Loading...
| Social Science | 0 | 7 | 1 | 0 | 65 | 54 | 76.43 | 3 | 6 | 0.00 | 0.00 |
| Science - Chemistry | 0 | 7 | 1 | 0 | 65 | 64 | 86.57 | 2 | 5 | 0.00 | 0.00 |
| Science - Other | 0 | 5 | 0 | 0 | 50 | 64 | 76.00 | 1 | 4 | 0.00 | 0.00 |
| Science - Physics | 0 | 4 | 0 | 0 | 40 | 61 | 78.50 | 2 | 3 | 0.00 | 0.00 |
| Science - Biology | 0 | 4 | 1 | 0 | 35 | 65 | 86.25 | 0 | 1 | 0.00 | 0.00 |
| Philosophy | 0 | 2 | 0 | 1 | 20 | 96 | 113.50 | 0 | 0 | 0.00 | 0.00 |
| Other | 0 | 2 | 0 | 0 | 20 | 20 | 52.50 | 1 | 1 | 0.00 | 0.00 |
| Literature - European | 0 | 1 | 0 | 0 | 10 | 95 | 95.00 | 0 | 0 | 0.00 | 0.00 |
| Literature - British | 0 | 1 | 0 | 0 | 10 | 123 | 123.00 | 1 | 1 | 0.00 | 0.00 |
| History - American | 0 | 1 | 0 | 0 | 10 | 112 | 112.00 | 1 | 1 | 0.00 | 0.00 |
| Literature - American | 0 | 1 | 1 | 0 | 5 | 73 | 73.00 | 1 | 1 | 0.00 | 0.00 |
| Fine Arts - Other | 0 | 0 | 0 | 0 | 0 | 0.00 | 0 | 0 | 0.00 | 0.00 |